MARC details
| 000 -CABECERA |
| campo de control de longitud fija |
02120nab a2200277 a 4500 |
| 005 - FECHA Y HORA DE LA ÚLTIMA TRANSACCIÓN |
| campo de control |
20240830063825.0 |
| 008 - ELEMENTOS DE LONGITUD FIJA--INFORMACIÓN GENERAL |
| campo de control de longitud fija |
991125c2018 sp fr p o 000 0 spa d |
| 035 ## - NÚMERO DE CONTROL DEL SISTEMA |
| Número de control de sistema |
UPN01000227150 |
| 040 ## - FUENTE DE LA CATALOGACIÓN |
| Centro catalogador/agencia de origen |
UPN |
| Lengua de catalogación |
spa |
| Centro/agencia transcriptor |
UPN |
| Normas de descripción |
aacr2 |
| 049 ## - COLECCIÓN |
| Colección |
ART-E |
| 100 1# - ASIENTO PRINCIPAL--NOMBRE PERSONAL |
| Nombre de persona |
Alonso Ruiz, Rosa Ana |
| Enlace |
- rosa-ana.alonso@unirioja.es |
| 100 1# - ASIENTO PRINCIPAL--NOMBRE PERSONAL |
| Nombre de persona |
Ponce de León Elizondo, Ana |
| 100 1# - ASIENTO PRINCIPAL--NOMBRE PERSONAL |
| Nombre de persona |
Jiménez Eguizabal, Juan Alfredo |
| 245 10 - MENCIÓN DE TÍTULO |
| Título |
Actitud de los padres hacia la posibilidad de emprendimiento de sus hijos. Factores vinculados |
| Medio |
[recurso electrónico en línea] |
| 506 0# - NOTA DE RESTRICCIONES AL ACCESO |
| Limitaciones de acceso |
Acceso abierto |
| 520 3# - NOTA DE RESUMEN, ETC. |
| Sumario, etc. |
El emprendimiento en la sociedad actual goza de un papel relevante como generador de empleo, así como motor de crecimiento económico y de innovación. Aportes, todos ellos, que destacan el papel esencial de la educación para la formación de personas emprendedoras. El artículo tuvo como objetivo vincular factores como el sexo, el nivel de estudios y la situación profesional de los padres que tienen hijos en la etapa postobligatoria, con la actitud que presentan ante la situación de que su descendiente se decidiera a crear su propia empresa y las ayudas que le proporcionaría. Se utilizaron pruebas paramétricas T de Student y varianza de un factor (ANOVA) con una muestra de 791 progenitores. Los resultados presentan que son los padres con estudios primarios y en activo, que trabajan tanto por cuenta propia como ajena, los que más desean que sus hijos e hijas monten una empresa. Las conclusiones de este estudio apuntan a fortalecer la educación y la formación en el emprendimiento, especialmente en el ámbito familiar, para crear, educar, construir y producir futuros emprendedores |
| 650 #2 - ASIENTO SECUNDARIO DE MATERIA - TERMINO TEMATICO |
| 9 (RLIN) |
5660 |
| Término de materia o nombre geográfico como elemento de entrada |
Jóvenes |
| 650 #7 - ASIENTO SECUNDARIO DE MATERIA - TERMINO TEMATICO |
| Término de materia o nombre geográfico como elemento de entrada |
Educación secundaria |
| Fuente del encabezamiento o término |
|
| 9 (RLIN) |
4281 |
| 650 #4 - ASIENTO SECUNDARIO DE MATERIA - TERMINO TEMATICO |
| Término de materia o nombre geográfico como elemento de entrada |
Familias |
| 9 (RLIN) |
44286 |
| 653 0# - TERMINO DE INDIZACION - NO CONTROLADO |
| Término no controlado |
Emprendimiento |
| 773 ## - ENLACE AL DOCUMENTO FUENTE/ENTRADA DE REGISTRO ANFITRIÓN |
| Parte(s) relacionada(s) |
No. 22 (2018), p. 97-110 |
| Título |
Contextos educativos : revista de educación |
| Número Internacional Normalizado para Publicaciones Seriadas |
1695-5714 |
| 856 4# - LOCALIZACIÓN Y ACCESO ELECTRÓNICOS |
| Identificador Uniforme del Recurso |
<a href="https://publicaciones.unirioja.es/ojs/index.php/contextos/article/view/3390/3068">https://publicaciones.unirioja.es/ojs/index.php/contextos/article/view/3390/3068</a> |
| 856 4# - LOCALIZACIÓN Y ACCESO ELECTRÓNICOS |
| Identificador Uniforme del Recurso |
<a href="http://doi.org/10.18172/con.3390">http://doi.org/10.18172/con.3390</a> |
| 905 ## - TIPO DE MATERIAL |
| Tipo de material |
Articulo |
| 942 ## - ELEMENTOS DE PUNTO DE ACCESO ADICIONAL (KOHA) |
| Tipo de ítem Koha |
Artículo Electrónico |